000 00439cam a2200193ua 4500
020 _c7.50
041 _aeng
_h
082 _a512.14
_bNAT/AN
100 _aNatarajan, T .
245 _aAncillary mathematics Book-2 /
_cT natarajan.
_hTextual Documents
300 _a608 ; .
365 _a7.50
504 _a
942 _cBK
999 _c5373
_d5373